Statistics for All Countries with a Nuclear Reactor

Click here to take the quiz!

General Stats

  • This quiz has been taken 88 times
  • The average score is 25 of 31

Answer Stats

No.reactors Country % Correct
99United States
100%
15United Kingdom
100%
19Canada
99%
42Japan
97%
58France
97%
2Brazil
96%
7Spain
96%
8Germany
96%
22India
94%
39China
94%
35Russia
94%
3Argentina
91%
25South Korea
91%
9Sweden
90%
1Netherlands
88%
7Belgium
87%
1Iran
84%
2Mexico
82%
4Finland
78%
5Pakistan
78%
15Ukraine
78%
2Romania
76%
2South Africa
70%
5Switzerland
69%
4Hungary
67%
2Bulgaria
67%
6Taiwan
58%
6Czech Republic
54%
4Slovakia
48%
1Slovenia
39%
1Armenia
22%

Score Distribution

Percentile by Number Answered

Percent of People with Each Score

Your Score History

You have not taken this quiz